Sports Quiz

Random Sports or Football Quiz

80s British Football Quiz Stats

Quiz not verified by Sporcle

Challenge
Share
Tweet
Embed
Score 0/150 Timer 12:00
0 Plays Today
% Correct
Liverpool
99.4%
Liverpool
99.4%
Liverpool
99.4%
Liverpool
99.4%
Liverpool
99.4%
Liverpool
99.4%
Liverpool
99.4%
Liverpool
99.4%
Liverpool
99.4%
Liverpool
99.4%
Liverpool
99.4%
Liverpool
99.4%
Liverpool
99.4%
Liverpool
99.4%
Liverpool
99.4%
Liverpool
99.4%
Liverpool
99.4%
Arsenal
98.6%
Arsenal
98.6%
Arsenal
98.6%
Arsenal
98.6%
Manchester United
98.5%
Manchester United
98.5%
Celtic
98.5%
Celtic
98.5%
Celtic
98.5%
Celtic
98.5%
Celtic
98.5%
Celtic
98.5%
Celtic
98.5%
Celtic
98.5%
Celtic
98.5%
Manchester United
98.5%
Manchester United
98.5%
Manchester United
98.5%
Celtic
98.5%
Celtic
98.5%
Celtic
98.5%
Celtic
98.5%
Celtic
98.5%
Rangers
98.4%
Rangers
98.4%
Rangers
98.4%
Rangers
98.4%
Rangers
98.4%
Rangers
98.4%
Rangers
98.4%
Everton
96.7%
Everton
96.7%
Everton
96.7%
% Correct
Everton
96.7%
Everton
96.7%
Everton
96.7%
Everton
96.7%
Everton
96.7%
Aberdeen
94.7%
Aberdeen
94.7%
Aberdeen
94.7%
Aberdeen
94.7%
Aberdeen
94.7%
Aberdeen
94.7%
Aberdeen
94.7%
Aberdeen
94.7%
Aberdeen
94.7%
Aberdeen
94.7%
Tottenham Hotspur
94.1%
Tottenham Hotspur
94.1%
Tottenham Hotspur
94.1%
Tottenham Hotspur
94.1%
Aston Villa
93.3%
Manchester City
88.4%
Heart of Midlothian
88.3%
Heart of Midlothian
88.3%
Heart of Midlothian
88.3%
Nottingham Forest
87.5%
Nottingham Forest
87.5%
West Ham United
85.3%
West Ham United
85.3%
Dundee United
85%
Dundee United
85%
Dundee United
85%
Dundee United
85%
Dundee United
85%
Wimbledon
84.5%
Ian Rush
81%
Ian Rush
81%
Ian Rush
81%
Ian Rush
81%
Coventry City
80.9%
Gary Lineker
76%
Gary Lineker
76%
Gary Lineker
76%
Ipswich Town
74.2%
Ipswich Town
74.2%
Sunderland
73.8%
Kerry Dixon & Gary Lineker
73.7%
Norwich City
71.1%
Kenny Dalglish
70.6%
Kenny Dalglish
70.6%
Queens Park Rangers
70.1%
% Correct
Queens Park Rangers
70.1%
Watford
68.1%
Watford
68.1%
Southampton
67.9%
Luton Town
64.8%
Luton Town
64.8%
Brighton & Hove Albion
64.3%
John Barnes
61.3%
John Barnes
61.3%
Wolverhampton Wanderers
59.9%
Oxford United
56.7%
Kevin Keegan
55.5%
Kevin Keegan
55.5%
Alan Smith
50.4%
John Aldridge
49.2%
Saint Mirren
49.2%
Paul Gascoigne
49.1%
Mark Hughes
44.6%
Mark Hughes
44.6%
Glenn Hoddle
43.3%
Clive Allen
38.6%
Clive Allen
38.6%
Clive Allen
38.6%
Tony Adams
35.8%
Peter Withe & Steve Archibald
35.2%
Peter Reid
32.5%
Willie Miller
29%
Charlie Nicholas
27.1%
Paul McStay
26.9%
Neville Southall
25.3%
John Wark
25%
Brian McClair
24.3%
Terry McDermott
24%
Terry McDermott
24%
Gary Shaw
23.6%
Tony Cottee
23.6%
Paul Merson
20.8%
Luther Blissett
20.2%
Steve Nicol
18.6%
Richard Gough
15.1%
Paul Walsh
13.1%
Steve Moran
10.8%
Frans Thijssen
10.6%
Mark McGhee
10.5%
Steve Perryman
9.4%
Phil Boyer
7.8%
Davie Provan
5.8%
Sandy Clark
5.2%
Theo Snelders
3.3%
Jim Duffy
2.3%

You're not logged in!

Compare scores with friends on all Sporcle quizzes.
Sign Up with Email
OR
Log In

You Might Also Like...

Show Comments

Extras

Top Quizzes Today


Score Distribution

Your Account Isn't Verified!

In order to create a playlist on Sporcle, you need to verify the email address you used during registration. Go to your Sporcle Settings to finish the process.

Report this User

Report this user for behavior that violates our Community Guidelines.

Details: